000 01197nam a22002297a 4500
999 _c57361
_d57361
003 Ge_BSU
005 20200603124600.0
008 200603s1991ge xxu||||| |||| 00| 0 geo d
041 _ageo
080 _a58(038) + 811.353.1'373.221 მ-41
100 _aმაყაშვილი, ალექსანდრე.
_98286
245 _aბოტანიკური ლექსიკონი :
_bმცენარეთა სახელწოდებანი /
_cალექსანდრე მაყაშვილი.
250 _aმე-3 გამოცემა აღდგენილია ოფსეტური წესით
264 _aთბილისი
_b მეცნიერება,
_c1991.
300 _a248 გვ. ;
_c 20 სმ.
504 _aბიბლიოგრ.: გვ. 245.
546 _aპარალ. თავფ. რუს. და ლათ. ენ
653 _aბოტანიკური ლექსიკონი
653 _aბოტანიკა
710 _4საქ. მეცნ. აკად., ნ. კეცხოველის სახ. ბოტანიკის ინ-ტი.
942 _2udc
_cBK